Změny v podnikání na kapitálovém trhu

Pohľad na novelizáciu zákona o podnikaní na kapitálovom trhu v Českej republike.

Salvato in:
Dettagli Bibliografici
Natura: Capitolo di libro
Lingua:ceco
Soggetti:
Tags: Aggiungi Tag
Nessun Tag, puoi essere il primo ad aggiungerne!!

MARC

LEADER 00000naa a2200000 4500
001 0235945
005 20170921104236.7
041 0 |a cze 
044 |a CZ 
245 1 0 |a Změny v podnikání na kapitálovém trhu 
520 |a Pohľad na novelizáciu zákona o podnikaní na kapitálovom trhu v Českej republike. 
610 2 0 |a trh kapitálový 
610 2 0 |a novelizácia 
610 2 0 |a zákony 
610 2 0 |a podnikanie 
610 2 0 |a Česko